000 00358nam a2200133Ia 4500
008 100328s9999 xx 000 0 und d
082 _b59817
100 _aकेकतपुरे माला.
245 _aसांजवात.
260 _bसुशिल.
630 _aसांजवात.
730 _aसांजवात.
942 _cBOOK
999 _c546010
_d546007